برنامج تدريبي لرفع الكفاءة المهنية لمعلمات الروضة في توظيف الفنون الأدائية وفقا للمنهج النمائي للطفل / (رقم التسجيلة. 180682)

تفاصيل مارك
000 -LEADER
fixed length control field 05591namaa22004211i 4500
003 - CONTROL NUMBER IDENTIFIER
control field OSt
005 - أخر تعامل مع التسجيلة
control field 20260701131133.0
008 - FIXED-LENGTH DATA ELEMENTS--GENERAL INFORMATION
fixed length control field 250827s2025 ua a|||frm||| 000 0 eng d
040 ## - CATALOGING SOURCE
Original cataloguing agency EG-GICUC
Language of cataloging ara
Transcribing agency EG-GICUC
Modifying agency EG-GICUC
Description conventions rda
041 0# - LANGUAGE CODE
Language code of text/sound track or separate title ara
Language code of summary or abstract ara
-- eng
049 ## - Acquisition Source
Acquisition Source إيداع
082 04 - DEWEY DECIMAL CLASSIFICATION NUMBER
Classification number 372.5
092 ## - LOCALLY ASSIGNED DEWEY CALL NUMBER (OCLC)
Classification number 372.5
Edition number 21
097 ## - Degree
Degree دكتـــــوراه‎
099 ## - LOCAL FREE-TEXT CALL NUMBER (OCLC)
Local Call Number Cai01.26.01.Ph.D.2025.زي.ب
100 0# - MAIN ENTRY--PERSONAL NAME
Authority record control number or standard number ،زينب سيد محمود محمد على
Preparation إعداد.
245 10 - TITLE STATEMENT
Title برنامج تدريبي لرفع الكفاءة المهنية لمعلمات الروضة في توظيف الفنون الأدائية وفقا للمنهج النمائي للطفل /
Statement of responsibility, etc. إعداد زينب سيد محمود محمد على؛ إشراف أ.د جيهان عبد الفتاح عزام، أ.د فاطمة عبد الرؤوف هاشم.
246 15 - VARYING FORM OF TITLE
Title proper/short title A training program to raise the professional competence of kindergarten teachers in employing performing arts according to the child development curriculum /
264 #0 - PRODUCTION, PUBLICATION, DISTRIBUTION, MANUFACTURE, AND COPYRIGHT NOTICE
Date of production, publication, distribution, manufacture, or copyright notice 2025.
300 ## - PHYSICAL DESCRIPTION
Extent 193 صفحة :
Other physical details إيضاحيات ؛
Dimensions 25 سم. +
Accompanying material CD.
336 ## - CONTENT TYPE
Content type term text
Source rda content
337 ## - MEDIA TYPE
Media type term Unmediated
Source rdamedia
338 ## - CARRIER TYPE
Carrier type term volume
Source rdacarrier
502 ## - DISSERTATION NOTE
Dissertation note أطروحة (دكتوراه)-جامعة القاهرة، 2025.
504 ## - BIBLIOGRAPHY, ETC. NOTE
Bibliography, etc. note ببليوجرافيا: صفحات 150-188.
520 ## - SUMMARY, ETC.
Summary, etc. تهدف الدراسة إلى فاعلية برنامج تدريبى لرفع الكفاءة المهنية لمعلمة الروضة فى توظيف الفنون الأدائية وفقا للمنهج النمائى للطفل، وتكونت عينة الدراسة من (40) معلمة، مستخدمة المنهج التجريبى للمجموعة الواحدة التجريبية، وقد استخدمت الباحثة الأدوات التالية: استمارة استطلاع آراء الخبراء والمحكمين لتحديد الكفاءات المهنية المناسبة لمعلمات الروضة. (إعداد الباحثة)، استمارة استطلاع آراء الخبراء والمحكمين على أبعاد الكفاءات المهنية المناسبة لمعلمات الروضة (إعداد الباحثة)، استمارة استطلاع آراء معلمات الروضة للتعرف على الإحتياجات التدريبية الفعلية لرفع الكفاءة المهنية فى توظيف الفنون الأدائية وفقا للمنهج النمائى للطفل. (إعداد الباحثة)، مقياس الكفاءة المهنية لمعلمات الروضة. (إعداد الباحثة)، بطاقة ملاحظة مهارات معلمات الروضة حول أبعاد الكفاءة المهنية. (إعداد الباحثة)، برنامج تدريبى لرفع الكفاءة المهنية لمعلمات الروضة فى توظيف الفنون الأدائية وفقا للمنهج النمائى للطفل. (إعداد الباحثة)، وقد أوضحت النتائج فاعلية برنامج تدريبى لرفع الكفاءة المهنية لمعلمات الروضة فى توظيف الفنون الادائية وفقا للمنهج النمائى للطفل.
520 ## - SUMMARY, ETC.
Summary, etc. The study aims at the effectiveness of a training program to raise the professional competence of the kindergarten teacher in employing the performing arts according to the developmental curriculum of the child, and the study sample consisted of (40) teachers, using the experimental method for one experimental group, and the researcher used the following tools: Suitable for kindergarten teachers. (Prepared by the researcher), a survey form for the opinions of experts and arbitrators on the dimensions of professional competencies appropriate for kindergarten teachers (prepared by the researcher), a survey form for the opinions of kindergarten teachers to identify the actual training needs to raise professional competence in employing the performing arts according to the developmental curriculum of the child. (Prepared by the researcher), a measure of professional competence for kindergarten teachers. (Prepared by the researcher), a note card for kindergarten teachers’ skills on the dimensions of professional competence. (Prepared by the researcher), a training program to raise the professional competence of kindergarten teachers in employing the performing arts according to the child’s developmental curriculum. (Prepared by the researcher), and the The results demonstrated the effectiveness of a training program to raise the professional competence of kindergarten teachers in employing performing arts according to the child development curriculum.
530 ## - ADDITIONAL PHYSICAL FORM AVAILABLE NOTE
Issues CD صدر أيضًا كقرص مدمج.
546 ## - LANGUAGE NOTE
Text Language النص بالعربية والملخص باللغة الإنجليزية والعربية.
650 #7 - SUBJECT ADDED ENTRY--TOPICAL TERM
Topical term or geographic name entry element الفنون الابداعية واليدوية
Source of heading or term qrmak
653 #0 - INDEX TERM--UNCONTROLLED
Uncontrolled term التدريب
-- معلمة الروضة
-- الكفاءة المهنية
700 0# - ADDED ENTRY--PERSONAL NAME
Personal name جيهان عبد الفتاح عزام
Relator term مشرف أطروحة.
700 0# - ADDED ENTRY--PERSONAL NAME
Personal name فاطمة عبد الرؤوف هاشم
Relator term مشرف أطروحة.
900 ## - Thesis Information
Grant date 19-05-2025
Supervisory body جيهان عبد الفتاح عزام
-- فاطمة عبد الرؤوف هاشم
Discussion body علا حسن كامل
-- سامية موسى إبراهيم
Universities جامعة القاهرة
Faculties كلية التربية للطفولة المبكرة
Department قسم العلوم الأساسية
905 ## - Cataloger and Reviser Names
Cataloger Name Sara Salah
942 ## - ADDED ENTRY ELEMENTS (KOHA)
Source of classification or shelving scheme Dewey Decimal Classification
Koha item type Thesis
Edition 21
Suppress in OPAC No
المقتنيات
Source of classification or shelving scheme Home library Current library Date acquired Inventory number Full call number Barcode Date last seen Effective from Koha item type
Dewey Decimal Classification المكتبة المركزبة الجديدة - جامعة القاهرة قاعة الرسائل الجامعية - الدور الاول 01.07.2026 33285 Cai01.26.01.Ph.D.2025.زي.ب 01010100033285000 01.07.2026 01.07.2026 Thesis
Cairo University Libraries Portal Implemented & Customized by: Eng. M. Mohamady Contacts: new-lib@cl.cu.edu.eg | cnul@cl.cu.edu.eg
CUCL logo CNUL logo
© All rights reserved — Cairo University Libraries
CUCL logo
Implemented & Customized by: Eng. M. Mohamady Contact: new-lib@cl.cu.edu.eg © All rights reserved — New Central Library
CNUL logo
Implemented & Customized by: Eng. M. Mohamady Contact: cnul@cl.cu.edu.eg © All rights reserved — Cairo National University Library